LEADER 01336nam a2200265 i 4500 001 000000361476 003 CaOOAMICUS 005 20250128105915.0 008 250128s2023 it a u000 u ita u 020 $a978-88-928703-7-6 040 $aSeMil$bita 100 1 $aBabiak, Augustyn,$d<1959- >.$0(OLS)http://semarc/name/110669 245 10$aPer amore del suo popolo :$bla vita eroica del metropolita Andrea Szeptyckyj (1865-1944) /$cAugustyn Babiak ; presentazione di Giovanni Codevilla. 264 1$aTrapani :$bIl pozzo di Giacobbe,$c2023. 300 $a384 p. :$bill. ;$c22 cm 490 1 $aOi christianoi. Sezione moderna/contemporanea ;$v38 600 14$aSzeptyckyj, Andrea <1865-1944>.$0(OLS)http://semarc/subject/57022 700 1 $aCodevilla, Giovanni,$d<1941- >.$0(OLS)http://semarc/name/15662 830 0$aOi christianoi. Sezione moderna/contemporanea ;$v38.$0(OLS)http://semarc/title/40734 850 $aSeMil 852 $aSeMil$W1$xVenegono$y1$m2TA I 38$j254115$B252437$CSeMilBibl$Z2$F252437 $81 996 $6020$a978-88-928703-7-6$9(OLS)http://semarc/number/302324 996 $6245$aPer amore del suo popolo :$bla vita eroica del metropolita Andrea Szeptyckyj (1865-1944)$9(OLS)http://semarc/title/452215 996 $6264$aTrapani :$bIl pozzo di Giacobbe$9(OLS)http://semarc/publisher/31941 LEADER 01264nam a2200277 i 4500 001 000000070641 003 CaOOAMICUS 005 20240723124826.0 008 131120s1669 it u000 u ita u 013 $a41813 026 $au-ro s-n- t-li masi (3) 1669 (A) 040 $aSeMil$bita 100 1 $aCastelli, Benedetto,$d<1578-1643>.$0(OLS)http://semarc/name/35184 245 10$aAlcuni opuscoli filosofici del padre abbate d. Benedetto Castelli da Brescia .. 260 $aIn Bologna :$bPer gli Heredi del Dozza,$c1669. 300 $a[8], 79, [1] p. :$bill. ;$c4°. 500 $aStemma del dedicatario calcogr. sul front. 500 $aSegn.: pg4 A-K4 500 $aLettera dedicatoria a Leopoldo dei Medici di Piero Dozza a carta pigreco3 500 $aIniz., fregi, ill. infratestuali xilogr. 700 1 $aDozza, Evangelisto eredi$b<1.,$cEditore>.$0(OLS)http://semarc/name/35185 850 $aSeMil 852 $aSeMil$W1$xVenegono$y1$m2P III 29 FA$j36794$B36794$CSeMilBibl$Z2$F36797 $8I 996 $6245$aAlcuni opuscoli filosofici del padre abbate d. Benedetto Castelli da Brescia ..$9(OLS)http://semarc/title/113492 996 $6260$aIn Bologna :$bPer gli Heredi del Dozza$9(OLS)http://semarc/publisher/42906